[Event "25th Klatovy B 2017"]
[Site "Klatovy CZE"]
[Date "2017.07.08"]
[Round "8.19"]
[White "Kovarova, Oxana"]
[Black "Svec, Vitezslav"]
[Result "1/2-1/2"]
[WhiteElo "1740"]
[BlackElo "1630"]
[PlyCount "70"]
[EventDate "2017.07.01"]
[EventType "swiss"]
[EventRounds "9"]
[EventCountry "CZE"]

1. e4 e6 2. d4 d5 3. exd5 exd5 4. c4 Be6 5. cxd5 Bxd5 6. Nc3 Bb4 7. Nf3 Ne7 8. Bd3 O-O 9. Be3 Nd7 10. O-O Nb6 11. Ng5 g6 12. Qg4 Kg7 13. f4 f5 14. Qh3 h6 15. Nf3 Bxf3 16. Rxf3 Nbd5 17. Nxd5 Nxd5 18. Bf2 Qd7 19. Bc4 Rae8 20. g3 Re7 21. Rb3 a5 22. Qg2 Nb6 23. Bd3 Rb8 24. Rd1 Qd5 25. Qxd5 Nxd5 26. Bf1 a4 27. Rbd3 Ba5 28. a3 Rbe8 29. b4 Bb6 30. Bg2 Rd8 31. Kf1 c6 32. Re1 Rf7 33. Bf3 Rd6 34. Bd1 Nf6 35. Bxa4 Ne4 1/2-1/2

[Event "25th Klatovy B 2017"]
[Site "Klatovy CZE"]
[Date "2017.07.08"]
[Round "8.20"]
[White "Stanik, Michal"]
[Black "Sedlak, Jakub"]
[Result "1-0"]
[WhiteElo "1746"]
[BlackElo "1495"]
[PlyCount "37"]
[EventDate "2017.07.01"]
[EventType "swiss"]
[EventRounds "9"]
[EventCountry "CZE"]

1. e4 e5 2. Nf3 d6 3. d4 exd4 4. Nxd4 Nf6 5. Nc3 Be7 6. Bc4 Bd7 7. O-O Nc6 8. f4 O-O 9. h3 Nxd4 10. Qxd4 Be6 11. f5 Bxc4 12. Qxc4 Nd7 13. Bf4 Nb6 14. Qb3 Bf6 15. Rad1 Bxc3 16. Qxc3 Qe7 17. e5 Nc8 18. f6 Qd7 19. Bh6 1-0

[Event "25th Klatovy B 2017"]
[Site "Klatovy CZE"]
[Date "2017.07.08"]
[Round "8.21"]
[White "Vavrinkova, Anna"]
[Black "Bainhofner, Jiri"]
[Result "1-0"]
[WhiteElo "1452"]
[BlackElo "1755"]
[PlyCount "61"]
[EventDate "2017.07.01"]
[EventType "swiss"]
[EventRounds "9"]
[EventCountry "CZE"]

1. e4 e5 2. Nf3 Nc6 3. Bb5 a6 4. Ba4 Nf6 5. d3 b5 6. Bb3 h6 7. c3 d6 8. h3 Be7 9. O-O O-O 10. Re1 Be6 11. Nbd2 Na5 12. Bc2 Nh7 13. d4 exd4 14. cxd4 c6 15. b3 f6 16. Bb2 Qd7 17. Qe2 Ng5 18. Nxg5 fxg5 19. Qd3 g6 20. Rab1 d5 21. Qc3 b4 22. Qe3 Rae8 23. exd5 Bf5 24. dxc6 Nxc6 25. Bxf5 Rxf5 26. Qe6+ Qxe6 27. Rxe6 Nb8 28. Rxg6+ Kh7 29. Re6 a5 30. Rbe1 Rf7 31. Nc4 1-0

[Event "25th Klatovy B 2017"]
[Site "Klatovy CZE"]
[Date "2017.07.08"]
[Round "8.22"]
[White "Hosnedl, Matyas"]
[Black "Flajsman, Petr"]
[Result "1/2-1/2"]
[WhiteElo "1739"]
[BlackElo "1567"]
[PlyCount "120"]
[EventDate "2017.07.01"]
[EventType "swiss"]
[EventRounds "9"]
[EventCountry "CZE"]

1. e4 e6 2. d4 d5 3. Nc3 Bb4 4. e5 c5 5. a3 Bxc3+ 6. bxc3 Nc6 7. Nf3 Nge7 8. Bd3 c4 9. Be2 O-O 10. O-O h6 11. a4 Qa5 12. Qd2 b5 13. Ba3 bxa4 14. Ra2 Bd7 15. Rfa1 Rfe8 16. Bb4 Nxb4 17. cxb4 Qb6 18. c3 a5 19. b5 Qxb5 20. Bd1 Qa6 21. Bc2 Rab8 22. g4 Rf8 23. Nh4 f6 24. f4 fxe5 25. fxe5 Be8 26. g5 h5 27. g6 Rf5 28. Nxf5 exf5 29. Qg5 Qxg6 30. Qxg6 Nxg6 31. Bxf5 Ne7 32. Bc2 Kf7 33. Bxa4 Bxa4 34. Rxa4 Nc6 35. Rf1+ Ke6 36. Kg2 Rb2+ 37. Kg3 Rb3 38. Rf3 g5 39. Ra1 g4 40. Rf6+ Kd7 41. Rc1 Nxd4 42. Kf2 Nf3 43. Rd6+ Ke7 44. Rxd5 Nxh2 45. Kg3 Nf3 46. Rxa5 Nd4 47. Ra7+ Ke6 48. Ra6+ Kxe5 49. Kh4 Nf3+ 50. Kxh5 Ke4 51. Kxg4 Ne5+ 52. Kg5 Nd3 53. Rc2 Nc5 54. Rd6 Ke5 55. Rc6 Kd5 56. Rc8 Ne4+ 57. Kf4 Rxc3 58. Rd8+ Kc5 59. Rg2 Nd6 60. Rg5+ Kc6 1/2-1/2

[Event "25th Klatovy B 2017"]
[Site "Klatovy CZE"]
[Date "2017.07.08"]
[Round "8.23"]
[White "Rerabek, Jaroslav"]
[Black "Merinsky, Vaclav"]
[Result "0-1"]
[WhiteElo "1721"]
[BlackElo "1439"]
[PlyCount "78"]
[EventDate "2017.07.01"]
[EventType "swiss"]
[EventRounds "9"]
[EventCountry "CZE"]

1. e4 e5 2. Nf3 Nc6 3. Bc4 Bc5 4. c3 Nf6 5. d4 exd4 6. e5 Ng8 7. cxd4 Bb4+ 8. Bd2 Bxd2+ 9. Nbxd2 d5 10. Bb5 Nge7 11. O-O O-O 12. h3 Bd7 13. Rc1 Nxe5 14. Bxd7 Nxd7 15. Qc2 c6 16. Rfe1 Ng6 17. Qf5 Nf6 18. h4 Ne7 19. Qg5 Re8 20. h5 h6 21. Qh4 Qc8 22. Ne5 Nf5 23. Qf4 Nxh5 24. Qg4 Nf6 25. Qf4 Ne7 26. g4 a6 27. Kg2 Qb8 28. Rh1 Ng6 29. Nxg6 fxg6 30. Qf3 g5 31. Rxh6 gxh6 32. Qxf6 Qc7 33. Qxh6 Qg7 34. Qh5 Re2 35. Nf3 Rxb2 36. Nxg5 Rxa2 37. Ne6 Qf6 38. Nf4 Qxf4 39. Qh4 Qxc1 0-1

[Event "25th Klatovy B 2017"]
[Site "Klatovy CZE"]
[Date "2017.07.08"]
[Round "8.24"]
[White "Kovar, Vaclav 1953"]
[Black "Svanda, Adam"]
[Result "1/2-1/2"]
[WhiteElo "1650"]
[BlackElo "1699"]
[PlyCount "68"]
[EventDate "2017.07.01"]
[EventType "swiss"]
[EventRounds "9"]
[EventCountry "CZE"]

1. d4 Nf6 2. c4 g6 3. Nc3 d5 4. Nf3 Bg7 5. Bf4 c6 6. e3 O-O 7. h3 Nbd7 8. Rc1 Nb6 9. cxd5 Nfxd5 10. Bg3 Re8 11. Bd3 Be6 12. O-O Rc8 13. Re1 a6 14. a3 Nxc3 15. bxc3 c5 16. Ng5 Bd7 17. Rb1 e6 18. Ne4 cxd4 19. cxd4 Ba4 20. Qd2 e5 21. Qa5 Re6 22. Nc5 Rxc5 23. Qxc5 exd4 24. Bc7 Nd7 25. Bxd8 Nxc5 26. Bc4 Rc6 27. exd4 Bxd4 28. Re7 Rf6 29. Re2 Rf4 30. g3 Bxf2+ 31. Rxf2 Rxc4 32. Rf4 Rxf4 33. gxf4 Bc6 34. Rd1 f5 1/2-1/2

[Event "25th Klatovy B 2017"]
[Site "Klatovy CZE"]
[Date "2017.07.08"]
[Round "8.25"]
[White "Pravda, Krystof"]
[Black "Lukes, Martin 2001"]
[Result "1-0"]
[WhiteElo "1636"]
[BlackElo "1474"]
[PlyCount "49"]
[EventDate "2017.07.01"]
[EventType "swiss"]
[EventRounds "9"]
[EventCountry "CZE"]

1. e4 e5 2. Nf3 Nc6 3. Bc4 Bc5 4. O-O d6 5. h3 Nf6 6. Re1 Be6 7. Bb3 Qd7 8. c3 O-O-O 9. d4 Bxb3 10. axb3 exd4 11. cxd4 Bb4 12. Nc3 d5 13. e5 Ne4 14. Nxe4 dxe4 15. Rxe4 Qd5 16. Qc2 Na5 17. Ra4 Qxb3 18. Qxb3 Nxb3 19. Rxb4 Nxc1 20. Re3 c5 21. Rc4 Na2 22. Rxc5+ Kb8 23. Rc4 b5 24. Rc5 b4 25. Ra5 1-0

[Event "25th Klatovy B 2017"]
[Site "Klatovy CZE"]
[Date "2017.07.08"]
[Round "8.26"]
[White "Kotal, Vit"]
[Black "Haderka, Karel"]
[Result "1/2-1/2"]
[WhiteElo "1388"]
[BlackElo "1825"]
[PlyCount "115"]
[EventDate "2017.07.01"]
[EventType "swiss"]
[EventRounds "9"]
[EventCountry "CZE"]

1. e4 e6 2. d4 d5 3. exd5 exd5 4. Bd3 Nf6 5. Ne2 Bg4 6. O-O Bd6 7. Nbc3 O-O 8. f3 Bh5 9. Bf4 c6 10. Qd2 Bg6 11. Bxd6 Qxd6 12. Ng3 Nbd7 13. Rae1 Rae8 14. Re2 Rxe2 15. Ncxe2 Bxd3 16. Qxd3 Re8 17. c3 g6 18. Rd1 h5 19. b3 h4 20. Nf1 Nh5 21. c4 Ndf6 22. c5 Qe7 23. Rd2 Kg7 24. a4 Ng8 25. b4 a6 26. b5 axb5 27. axb5 Nh6 28. bxc6 bxc6 29. Qa6 Qe6 30. Kf2 Nf5 31. Qd3 Qf6 32. Qc3 Nh6 33. h3 Nf5 34. Kg1 Qg5 35. Rc2 Nhg3 36. Nexg3 Nxg3 37. Nxg3 Qxg3 38. Rf2 Qf4 39. Rc2 Qf5 40. Kf2 Qf4 41. Kg1 f5 42. Qd2 Qg3 43. Rc1 f4 44. Qf2 Qg5 45. Re1 Re3 46. Kf1 Qe7 47. Rxe3 fxe3 48. Qb2 Qg5 49. Qb7+ Kh6 50. Ke2 Qxg2+ 51. Kxe3 Qg1+ 52. Kd3 Qf1+ 53. Ke3 Qe1+ 54. Kd3 Qd1+ 55. Ke3 Qe1+ 56. Kd3 Qe6 57. Qc7 Qf6 58. Ke3 1/2-1/2

[Event "25th Klatovy B 2017"]
[Site "Klatovy CZE"]
[Date "2017.07.08"]
[Round "8.27"]
[White "Skalny, Petr"]
[Black "Bauer, Jan 2005"]
[Result "1/2-1/2"]
[WhiteElo "1767"]
[BlackElo "1432"]
[PlyCount "70"]
[EventDate "2017.07.01"]
[EventType "swiss"]
[EventRounds "9"]
[EventCountry "CZE"]

1. d4 d5 2. Nf3 Nf6 3. Bg5 e6 4. e3 Be7 5. Bd3 O-O 6. O-O Nbd7 7. c4 c5 8. Nc3 b6 9. cxd5 Nxd5 10. Nxd5 exd5 11. Bxe7 Qxe7 12. dxc5 Nxc5 13. Bc2 Rd8 14. b4 Ne4 15. a3 Bg4 16. Qd4 Bxf3 17. gxf3 Ng5 18. Qg4 Rd6 19. Kh1 Rh6 20. Rg1 Ne6 21. Rac1 Qh4 22. Qxh4 Rxh4 23. f4 d4 24. Bf5 g6 25. Rc6 Re8 26. Bxe6 Rxe6 27. Rxe6 fxe6 28. Kg2 Rg4+ 29. Kf1 Rxg1+ 30. Kxg1 dxe3 31. fxe3 Kf7 32. Kf2 Kf6 33. Kf3 e5 34. e4 exf4 35. Kxf4 h6 1/2-1/2

[Event "25th Klatovy B 2017"]
[Site "Klatovy CZE"]
[Date "2017.07.08"]
[Round "8.28"]
[White "Palla, Ivan"]
[Black "Kubat, Zbynek"]
[Result "1/2-1/2"]
[WhiteElo "1552"]
[BlackElo "1682"]
[PlyCount "23"]
[EventDate "2017.07.01"]
[EventType "swiss"]
[EventRounds "9"]
[EventCountry "CZE"]

1. Nf3 d5 2. g3 Nc6 3. Bg2 e5 4. d3 Bg4 5. h3 Be6 6. O-O h6 7. b3 Qd7 8. Kh2 Nf6 9. Bb2 Bd6 10. c4 g5 11. Ng1 h5 12. Nc3 1/2-1/2

[Event "25th Klatovy B 2017"]
[Site "Klatovy CZE"]
[Date "2017.07.08"]
[Round "8.29"]
[White "Fekete, Frantisek 1941"]
[Black "Sindelar, Jan"]
[Result "0-1"]
[WhiteElo "1678"]
[BlackElo "1395"]
[PlyCount "72"]
[EventDate "2017.07.01"]
[EventType "swiss"]
[EventRounds "9"]
[EventCountry "CZE"]

1. e4 c5 2. Nc3 d6 3. g3 Nc6 4. Bg2 g6 5. d3 Nf6 6. f4 Qb6 7. Nd5 Nxd5 8. exd5 Nd4 9. c3 Nb5 10. Nf3 Bg7 11. Nd2 Nxc3 12. Qc2 Nb5 13. Nf3 Bf5 14. Be3 Qa5+ 15. Kf2 Rc8 16. Qb3 Qb4 17. Qc4 Qxb2+ 18. Nd2 Nc3 19. Kf3 b5 20. Qb3 Na4 21. Rab1 Qxb3 22. Rxb3 a6 23. g4 Bd7 24. Ne4 b4 25. Nd2 Nc3 26. Nc4 Nxd5 27. Bf2 Ba4 28. Rbb1 Bc6 29. Kg3 Nc3 30. Rbe1 Kd8 31. a3 Bxg2 32. Kxg2 b3 33. Nb2 Nd5 34. Rb1 Nxf4+ 35. Kf3 Nd5 36. Nc4 Rb8 0-1

[Event "25th Klatovy B 2017"]
[Site "Klatovy CZE"]
[Date "2017.07.08"]
[Round "8.30"]
[White "Stanke, Vilem"]
[Black "Maly, Jiri"]
[Result "0-1"]
[WhiteElo "1334"]
[BlackElo "1646"]
[PlyCount "152"]
[EventDate "2017.07.01"]
[EventType "swiss"]
[EventRounds "9"]
[EventCountry "CZE"]

1. e4 c5 2. Nf3 Nc6 3. d4 cxd4 4. Nxd4 Nf6 5. Nc3 e5 6. Ndb5 d6 7. a4 a6 8. Na3 Be6 9. Bc4 Nxe4 10. Nxe4 d5 11. Nc5 Bxc5 12. Ba2 O-O 13. O-O Nb4 14. Bb1 Rc8 15. c3 Nc6 16. Qh5 f5 17. Bg5 Be7 18. Bd2 Qd7 19. Qe2 Bd6 20. Ba2 Kh8 21. c4 d4 22. f3 Ne7 23. Rac1 Ng6 24. Bb3 Bc5 25. Kh1 d3 26. Qe1 Rce8 27. Nb1 Nf4 28. Nc3 Qd4 29. Qd1 h6 30. Re1 Qf2 31. Bxf4 exf4 32. Qxd3 Be3 33. Re2 Qh4 34. Nd5 Bxc1 35. Nc7 Rd8 36. Qc2 Be3 37. Nxe6 Rfe8 38. c5 Rc8 39. Qc3 Qf6 40. Qxf6 gxf6 41. g3 Bxc5 42. gxf4 Re7 43. Bc2 Ba7 44. Bxf5 Rc1+ 45. Kg2 Rg1+ 46. Kh3 Rf1 47. Kg3 Rg1+ 48. Kh3 Kg8 49. Kh4 Rf1 50. Rg2+ Kh8 51. Rg6 Bf2+ 52. Kh5 Rg1 53. Rxh6+ Kg8 54. Bg4 Re1 55. Rxf6 Rh7+ 56. Kg5 Bh4+ 57. Kf5 Bxf6 58. Kxf6 Rxh2 59. Ng5 Rh6+ 60. Kf5 Kg7 61. Ne4 Re2 62. b4 Rb2 63. b5 axb5 64. Kg5 bxa4 65. f5 Rb5 66. Nc3 Ra5 67. f4 a3 68. Na2 b5 69. Bd1 Rb6 70. Bb3 b4 71. Kg4 Kf6 72. Kf3 Rxf5 73. Ke4 Rh5 74. Kd4 Rb8 75. Kc4 Rh4 76. Kc5 Rxf4 0-1

[Event "25th Klatovy B 2017"]
[Site "Klatovy CZE"]
[Date "2017.07.08"]
[Round "8.31"]
[White "Nagy, Ladislav"]
[Black "Svejdar, Pavel"]
[Result "1-0"]
[WhiteElo "1000"]
[BlackElo "1581"]
[PlyCount "108"]
[EventDate "2017.07.01"]
[EventType "swiss"]
[EventRounds "9"]
[EventCountry "CZE"]

1. Nf3 d5 2. g3 Nf6 3. d4 Bf5 4. Bg2 h6 5. O-O e6 6. c4 c6 7. b3 Be7 8. Nc3 O-O 9. Bb2 Nbd7 10. Re1 Qa5 11. Qd2 Qc7 12. Rac1 Bb4 13. a3 Ne4 14. Qe3 Bxc3 15. Bxc3 Ndf6 16. Ne5 Nxc3 17. Rxc3 Ne4 18. Rcc1 f6 19. Nd3 Rae8 20. f3 Ng5 21. Qd2 Qb6 22. Nc5 e5 23. cxd5 exd4 24. dxc6 bxc6 25. Qxd4 Rd8 26. Qc3 Rd6 27. Kh1 Bh3 28. Red1 Rfd8 29. Rxd6 Rxd6 30. Qe3 Bc8 31. h4 Ne6 32. b4 Nc7 33. Qe7 Rd2 34. Qe4 Qb5 35. Nd3 Bb7 36. f4 Nd5 37. Bf3 Kf8 38. Qe6 Ne7 39. Qd7 Qb6 40. Nc5 Rxd7 41. Nxd7+ Ke8 42. Nxb6 axb6 43. b5 Kd7 44. bxc6+ Bxc6 45. Bxc6+ Nxc6 46. Kg2 Na5 47. Kf3 Kd6 48. Ke4 Nb3 49. Rd1+ Ke7 50. Kf5 Nc5 51. Kg6 Ne4 52. Kxg7 Nxg3 53. e3 Nf5+ 54. Kh7 Nxe3 1-0

[Event "25th Klatovy B 2017"]
[Site "Klatovy CZE"]
[Date "2017.07.08"]
[Round "8.32"]
[White "Roskovec, Bedrich"]
[Black "Novotny, Jaromir"]
[Result "1/2-1/2"]
[WhiteElo "1585"]
[BlackElo "1394"]
[PlyCount "58"]
[EventDate "2017.07.01"]
[EventType "swiss"]
[EventRounds "9"]
[EventCountry "CZE"]

1. e4 c5 2. Nc3 g6 3. g3 Nc6 4. Bg2 Bg7 5. d3 d6 6. Nge2 e6 7. Rb1 Nge7 8. O-O O-O 9. Be3 f5 10. f3 b6 11. Qd2 Rb8 12. Bh6 Bb7 13. Bxg7 Kxg7 14. a3 e5 15. exf5 Rxf5 16. Ne4 Nd4 17. Nxd4 cxd4 18. Bh3 h6 19. Bxf5 gxf5 20. Nf2 Bxf3 21. Nh3 Bb7 22. c3 dxc3 23. bxc3 Qd7 24. Nf2 Qc6 25. Ne4 fxe4 26. Qf2 exd3 27. Qf6+ Kg8 28. Qe6+ Kh8 29. Qxh6+ Kg8 1/2-1/2

[Event "25th Klatovy B 2017"]
[Site "Klatovy CZE"]
[Date "2017.07.08"]
[Round "8.33"]
[White "Ruzicka, Filip1"]
[Black "Nandin Erdene, Davaademberel 2008"]
[Result "1-0"]
[WhiteElo "1644"]
[BlackElo "1501"]
[PlyCount "53"]
[EventDate "2017.07.01"]
[EventType "swiss"]
[EventRounds "9"]
[EventCountry "CZE"]

1. e4 c5 2. d4 e6 3. Nf3 Nf6 4. e5 Nd5 5. c3 cxd4 6. cxd4 Bb4+ 7. Bd2 Bxd2+ 8. Qxd2 O-O 9. Nc3 Nb6 10. Bd3 Nc6 11. a3 a6 12. O-O d6 13. exd6 Qxd6 14. Bc2 Rd8 15. Rad1 Nc4 16. Qd3 Nxb2 17. Qxh7+ Kf8 18. Ne4 Qxa3 19. Ra1 Qb4 20. Qh8+ Ke7 21. Qxg7 Nxd4 22. Qf6+ Kf8 23. Ne5 Ne2+ 24. Kh1 Rd7 25. Ng6+ Ke8 26. Qh8+ Qf8 27. Qxf8# 1-0

[Event "25th Klatovy B 2017"]
[Site "Klatovy CZE"]
[Date "2017.07.08"]
[Round "8.34"]
[White "Kadlec, Rudolf"]
[Black "Frnoch, Vojtech"]
[Result "1/2-1/2"]
[WhiteElo "1436"]
[BlackElo "1660"]
[PlyCount "77"]
[EventDate "2017.07.01"]
[EventType "swiss"]
[EventRounds "9"]
[EventCountry "CZE"]

1. e4 g6 2. d4 Bg7 3. Nc3 d6 4. f4 Nh6 5. h3 e6 6. e5 Qh4+ 7. Ke2 Nf5 8. Nf3 Ng3+ 9. Kd3 Qd8 10. Rg1 Nc6 11. Qe1 Nxf1 12. Rxf1 b6 13. Ke3 Nb4 14. Rf2 O-O 15. a3 Nd5+ 16. Nxd5 exd5 17. b4 c5 18. bxc5 bxc5 19. c3 dxe5 20. fxe5 cxd4+ 21. cxd4 Bh6+ 22. Ke2 Ba6+ 23. Kd1 Bxc1 24. Rxc1 Qe7 25. Rc3 Rab8 26. Rfc2 Rb1+ 27. Rc1 Rfb8 28. Qe3 Qe8 29. Qd2 Qa4+ 30. Ke1 Rxc1+ 31. Qxc1 Qb5 32. Kf2 Qe2+ 33. Kg3 Rb2 34. Nh4 Qf2+ 35. Kh2 Rd2 36. Rg3 Bc4 37. Qb1 Rb2 38. Qc1 Re2 39. Nf3 1/2-1/2

[Event "25th Klatovy B 2017"]
[Site "Klatovy CZE"]
[Date "2017.07.08"]
[Round "8.35"]
[White "Flajsman, Zdenek"]
[Black "Cipera, Josef"]
[Result "0-1"]
[WhiteElo "1468"]
[BlackElo "1691"]
[PlyCount "118"]
[EventDate "2017.07.01"]
[EventType "swiss"]
[EventRounds "9"]
[EventCountry "CZE"]

1. e4 c5 2. Nf3 d6 3. d4 cxd4 4. Nxd4 Nf6 5. Nc3 a6 6. Be3 e5 7. Nf3 Be7 8. Be2 O-O 9. h3 b5 10. a3 Bb7 11. Nd5 Nxd5 12. exd5 Nd7 13. c4 Nf6 14. O-O bxc4 15. Bxc4 Qd7 16. b4 Ne4 17. Qd3 Nf6 18. Nd2 g6 19. f3 Nh5 20. Kh2 f5 21. g4 Ng7 22. Bh6 Bf6 23. Rae1 Rf7 24. Nb3 Bd8 25. Be3 Ne8 26. Kg3 f4+ 27. Bxf4 Rxf4 28. Nc5 Qe7 29. Ne6 Rf7 30. g5 Bc8 31. h4 Bxe6 32. dxe6 Rf4 33. Bd5 Rc8 34. Re4 Rf5 35. f4 Ng7 36. Rf3 Nh5+ 37. Kg4 Nxf4 38. Qxa6 Rc1 39. Qb7 Rg1+ 40. Rg3 Rxg3+ 41. Kxg3 Kf8 42. Qxe7+ Kxe7 43. Bb3 Nxe6 44. a4 Rf4 45. Rxf4 Nxf4 46. Bg8 Kf8 47. Bb3 Nd3 48. b5 Nc5 49. Bc2 Kg7 50. Kg4 d5 51. h5 gxh5+ 52. Kxh5 e4 53. Kg4 Kg6 54. Kf4 Bc7+ 55. Ke3 Kxg5 56. Kd4 Bb6 57. Kxd5 e3 58. Bd1 Nxa4 59. Kc4 Nb2+ 0-1

[Event "25th Klatovy B 2017"]
[Site "Klatovy CZE"]
[Date "2017.07.08"]
[Round "8.36"]
[White "Vavrinkova, Jitka"]
[Black "Chmelik, Benedikt"]
[Result "1/2-1/2"]
[WhiteElo "1676"]
[BlackElo "1432"]
[PlyCount "91"]
[EventDate "2017.07.01"]
[EventType "swiss"]
[EventRounds "9"]
[EventCountry "CZE"]

1. e4 e6 2. d4 d5 3. Nd2 Nf6 4. e5 Nfd7 5. Ngf3 c5 6. c3 Nc6 7. Bb5 a6 8. Ba4 b5 9. Bc2 a5 10. a3 Bb7 11. O-O Qb6 12. Nb3 a4 13. dxc5 Nxc5 14. Nbd4 Nd7 15. Nxc6 Bxc6 16. Be3 Qc7 17. Bd4 Nb6 18. Re1 Be7 19. Qd3 Nc4 20. Rab1 h6 21. Nd2 Rb8 22. f4 g6 23. Re2 Kd7 24. Qh3 h5 25. Rf2 Rbf8 26. Qf3 Kd8 27. Qd1 Kd7 28. Nxc4 bxc4 29. Bxa4 Rb8 30. Bc2 Rb7 31. Qc1 Rhb8 32. Bd1 Bxa3 33. Bc2 Rxb2 34. Ra1 Ra2 35. Qd1 Rxa1 36. Qxa1 Be7 37. h3 Ra8 38. Qd1 Qa5 39. Qe2 Ba4 40. g4 Bxc2 41. Qxc2 Bc5 42. Rd2 hxg4 43. hxg4 Qa1+ 44. Kg2 Bxd4 45. cxd4 Qa4 46. Qb1 1/2-1/2

[Event "25th Klatovy B 2017"]
[Site "Klatovy CZE"]
[Date "2017.07.08"]
[Round "8.37"]
[White "Stross, Frantisek 1952"]
[Black "Nagyova, Daniela"]
[Result "0-1"]
[WhiteElo "1631"]
[BlackElo "1164"]
[PlyCount "68"]
[EventDate "2017.07.01"]
[EventType "swiss"]
[EventRounds "9"]
[EventCountry "CZE"]

1. Nf3 Nc6 2. e4 e5 3. Bc4 Nf6 4. Nc3 Nxe4 5. Bxf7+ Kxf7 6. Nxe4 d5 7. Neg5+ Ke8 8. d4 e4 9. Ne5 Nxe5 10. dxe5 h6 11. Qh5+ Kd7 12. Nf7 Qe8 13. e6+ Ke7 14. Qh4+ g5 15. Nxg5 hxg5 16. Qxh8 Kxe6 17. c3 Bd7 18. Bxg5 Qf7 19. Qh3+ Kd6 20. Qg3+ Kc6 21. O-O-O Bd6 22. Qh4 Rg8 23. c4 Rxg5 24. cxd5+ Rxd5 25. Kb1 Bf5 26. g4 Bg6 27. Ka1 Re5 28. Rc1+ Kd7 29. a3 Bxa3 30. Rxc7+ Kxc7 31. Qg3 Kd7 32. Rd1+ Bd6 33. Kb1 e3+ 34. Kc1 Qc4# 0-1

[Event "25th Klatovy B 2017"]
[Site "Klatovy CZE"]
[Date "2017.07.08"]
[Round "8.38"]
[White "Dolejs, Jakub"]
[Black "Sedlacek, Pavel"]
[Result "0-1"]
[WhiteElo "1442"]
[BlackElo "1580"]
[PlyCount "42"]
[EventDate "2017.07.01"]
[EventType "swiss"]
[EventRounds "9"]
[EventCountry "CZE"]

1. d4 d5 2. c4 e6 3. Nc3 Nf6 4. Bg5 Be7 5. e3 O-O 6. Bd3 dxc4 7. Bxc4 c6 8. Nge2 Nbd7 9. O-O Nd5 10. Bxe7 Qxe7 11. e4 Nxc3 12. bxc3 b5 13. Bd3 Nf6 14. Qc2 g6 15. a4 Bb7 16. axb5 cxb5 17. e5 Nh5 18. Bxb5 Bxg2 19. Rfb1 Qg5 20. Ng3 Nf4 21. Bf1 Bf3 0-1

[Event "25th Klatovy B 2017"]
[Site "Klatovy CZE"]
[Date "2017.07.08"]
[Round "8.39"]
[White "Stanke, Petr"]
[Black "Vasko, Pavel"]
[Result "0-1"]
[WhiteElo "1284"]
[BlackElo "1578"]
[PlyCount "74"]
[EventDate "2017.07.01"]
[EventType "swiss"]
[EventRounds "9"]
[EventCountry "CZE"]

1. e4 e5 2. Nf3 Nf6 3. Nxe5 d6 4. Nf3 Nxe4 5. Nc3 Nxc3 6. dxc3 Be7 7. Be3 O-O 8. Qd2 b6 9. O-O-O Bb7 10. Bd3 Nd7 11. h3 Bf6 12. Rdg1 Qe7 13. Nd4 Nc5 14. Bf5 g6 15. Bg4 Ne6 16. Rh2 c5 17. Ne2 Rfd8 18. f4 Ng7 19. Rf1 a5 20. Bf3 b5 21. g4 Bxf3 22. Rxf3 Qb7 23. Rg3 Bh4 24. Rg1 Qc7 25. Qd5 Qe7 26. Qf3 d5 27. f5 b4 28. Bd2 Ra6 29. Nf4 Qd6 30. Re2 Bg5 31. Rd1 bxc3 32. bxc3 d4 33. cxd4 cxd4 34. Nd3 Qa3+ 35. Kb1 Rb8+ 36. Ka1 Bxd2 37. Rexd2 Qc3+ 0-1

[Event "25th Klatovy B 2017"]
[Site "Klatovy CZE"]
[Date "2017.07.08"]
[Round "8.40"]
[White "Novy, Jan"]
[Black "Pozar, Pavel"]
[Result "1-0"]
[WhiteElo "1563"]
[BlackElo "1000"]
[PlyCount "41"]
[EventDate "2017.07.01"]
[EventType "swiss"]
[EventRounds "9"]
[EventCountry "CZE"]

1. c4 Nf6 2. Nc3 g6 3. Nf3 e6 4. g3 Bc5 5. Bg2 Ng4 6. O-O Nxf2 7. Rxf2 Bxf2+ 8. Kxf2 Qf6 9. d4 Qe7 10. Bh6 Qb4 11. Qd3 Qxb2 12. Rb1 Qa3 13. Bg7 Rg8 14. Bf6 Qa6 15. d5 exd5 16. Qe3+ Qe6 17. Nxd5 Qxe3+ 18. Kxe3 Nc6 19. Nxc7+ Kf8 20. Ng5 h6 21. Nh7# 1-0

[Event "25th Klatovy B 2017"]
[Site "Klatovy CZE"]
[Date "2017.07.08"]
[Round "8.41"]
[White "Lang, Simon"]
[Black "Jedlicka, Pavel"]
[Result "0-1"]
[WhiteElo "1166"]
[BlackElo "1525"]
[PlyCount "82"]
[EventDate "2017.07.01"]
[EventType "swiss"]
[EventRounds "9"]
[EventCountry "CZE"]

1. e4 Nf6 2. e5 Nd5 3. d4 e6 4. Bd3 Bb4+ 5. Bd2 c5 6. c4 Bxd2+ 7. Qxd2 Nb4 8. Be4 d5 9. cxd5 exd5 10. Bf3 Qa5 11. Nc3 cxd4 12. Nxd5 Nc2+ 13. Kd1 Qxd2+ 14. Kxd2 Nxa1 15. Nc7+ Kd7 16. Nxa8 Re8 17. Ne2 d3 18. Kxd3 Rxe5 19. Rc1 Nc6 20. Nd4 Nb4+ 21. Kc4 Na6 22. Kd3 Rc5 23. Rd1 Nb4+ 24. Ke4 Ke7 25. Re1 Nac2 26. Nxc2 Nxc2 27. Rc1 Bf5+ 28. Kf4 g5+ 29. Kg3 b6 30. Bg4 Be4 31. Bf3 Bxf3 32. Kxf3 Nd4+ 33. Ke4 Rxc1 34. Kxd4 Rc8 35. Nxb6 axb6 36. Kd3 b5 37. g3 f5 38. f4 g4 39. Kd4 Kd6 40. b3 b4 41. a4 bxa3 0-1

[Event "25th Klatovy B 2017"]
[Site "Klatovy CZE"]
[Date "2017.07.08"]
[Round "8.42"]
[White "Veverkova, Dorota"]
[Black "Kubat, Ladislav"]
[Result "0-1"]
[WhiteElo "1240"]
[BlackElo "1482"]
[PlyCount "114"]
[EventDate "2017.07.01"]
[EventType "swiss"]
[EventRounds "9"]
[EventCountry "CZE"]

1. e4 e5 2. Nf3 Nc6 3. Bc4 Bc5 4. c3 Nf6 5. d4 exd4 6. O-O O-O 7. cxd4 Be7 8. d5 Na5 9. Bd3 b6 10. Nc3 d6 11. Bf4 Nb7 12. e5 dxe5 13. Bxe5 Bd6 14. Re1 Bg4 15. Bxd6 Nxd6 16. h3 Bf5 17. Bxf5 Nxf5 18. g4 Ne7 19. Re5 Re8 20. g5 Nd7 21. Re1 Ng6 22. h4 Nde5 23. h5 Nxf3+ 24. Qxf3 Qxg5+ 25. Qg3 Qxg3+ 26. fxg3 Ne7 27. Rad1 Rad8 28. Nb5 Rd7 29. d6 cxd6 30. Rxd6 Rb7 31. Rc6 Kf8 32. Nc7 Rc8 33. Rxe7 Kxe7 34. Nd5+ Kd7 35. Rxc8 Kxc8 36. a4 Rd7 37. Nc3 Rd4 38. Kf1 Rd2 39. b4 Rd4 40. b5 Rc4 41. Nd5 Rxa4 42. Ne7+ Kd7 43. Nf5 Rg4 44. Kf2 Rg5 45. Ne3 Rxb5 46. g4 a5 47. Nc4 Kc6 48. Ke3 Rc5 49. Nb2 b5 50. Kf4 a4 51. Nxa4 bxa4 52. g5 a3 53. h6 Rxg5 54. Kxg5 gxh6+ 55. Kxh6 a2 56. Kxh7 a1=Q 57. Kg8 Kd6 0-1

[Event "25th Klatovy B 2017"]
[Site "Klatovy CZE"]
[Date "2017.07.08"]
[Round "8.43"]
[White "Vavrousek, Petr"]
[Black "Devera, Filip"]
[Result "1-0"]
[WhiteElo "1686"]
[BlackElo "1000"]
[PlyCount "63"]
[EventDate "2017.07.01"]
[EventType "swiss"]
[EventRounds "9"]
[EventCountry "CZE"]

1. e4 e6 2. d4 d5 3. Nc3 dxe4 4. Nxe4 Nd7 5. Bd3 Ngf6 6. Nxf6+ Nxf6 7. Nf3 b6 8. O-O Be7 9. c4 Bb7 10. Be3 c5 11. Bc2 O-O 12. dxc5 Bxc5 13. Qxd8 Rfxd8 14. Bxc5 bxc5 15. Ne5 Rd2 16. Rac1 Rad8 17. Rfd1 g6 18. Rxd2 Rxd2 19. f3 Rd4 20. Rd1 Rxd1+ 21. Bxd1 h5 22. Ba4 g5 23. h3 a6 24. Nd3 g4 25. Nxc5 Bc8 26. Bc6 gxh3 27. gxh3 e5 28. h4 Kf8 29. Nd3 Nd7 30. Bxd7 Bxd7 31. Nxe5 Be6 32. b3 1-0

[Event "25th Klatovy B 2017"]
[Site "Klatovy CZE"]
[Date "2017.07.08"]
[Round "8.44"]
[White "Celovsky, Jan"]
[Black "Janous, Marek"]
[Result "0-1"]
[WhiteElo "1387"]
[BlackElo "1168"]
[PlyCount "36"]
[EventDate "2017.07.01"]
[EventType "swiss"]
[EventRounds "9"]
[EventCountry "CZE"]

1. e4 c5 2. d4 cxd4 3. Qxd4 Nc6 4. Qc3 e6 5. a3 d6 6. Be3 Nf6 7. Nd2 Be7 8. Ngf3 O-O 9. Bb5 Bd7 10. O-O-O Rc8 11. Qb3 Na5 12. Qd3 Bxb5 13. Qxb5 Qc7 14. c3 b6 15. e5 dxe5 16. Nxe5 a6 17. Qxb6 Qxe5 18. Qxa6 Bxa3 0-1